000 00415nam a22001337a 4500
008 240118b |||||||| |||| 00| 0 eng d
020 _a9780761973898
050 _aG 70 Key
100 _91788
_aHolloway, Sarah L.
245 _aKey concepts in geography
_c/ edited by Sarah L. Holloway [and two others]
260 _aLondon :
_bSAGE Publications,
_c2003
300 _axvii, 342 pages : illustrations
942 _2lcc
999 _c84212
_d84212